<?xml version="1.0" encoding="UTF-8"?>
<record
    xmlns:xsi="http://www.w3.org/2001/XMLSchema-instance"
    xsi:schemaLocation="http://www.loc.gov/MARC21/slim http://www.loc.gov/standards/marcxml/schema/MARC21slim.xsd"
    xmlns="http://www.loc.gov/MARC21/slim">

  <leader>00590nam a2200169Ia 4500</leader>
  <controlfield tag="008">180921t2018    xxu||||| |||| 00| 0 sin d</controlfield>
  <datafield tag="041" ind1=" " ind2=" ">
    <subfield code="a">sin</subfield>
  </datafield>
  <datafield tag="080" ind1=" " ind2=" ">
    <subfield code="a">129 </subfield>
    <subfield code="b">&#xDB1;&#xDB1;&#xDCA;&#xDAF;</subfield>
  </datafield>
  <datafield tag="100" ind1=" " ind2=" ">
    <subfield code="a">&#xDB1;&#xDB1;&#xDCA;&#xDAF;&#xDC3;&#xDCF;&#xDBB; &#xDC4;&#xDD2;&#xDB8;&#xDD2;, &#xDAF;&#xDD9;&#xDBD;&#xDCA;&#xD85;&#xDAD;&#xDCA;&#xDAD;&#xDCF;&#xD9C;&#xDCF;&#xDBB;&#xDDA;</subfield>
  </datafield>
  <datafield tag="245" ind1=" " ind2=" ">
    <subfield code="a">&#xDB4;&#xDD2;&#xDBB;&#xDD2;&#xDC3;&#xDD2;&#xDAF;&#xDD4; &#xDC0;&#xDD9;&#xDB1; &#xDAD;&#xDBB;&#xDB8;&#xDA7; &#xDB6;&#xDBD;&#xD9C;&#xDAD;&#xDD4;&#xDC0;&#xDB1; &#xDC3;&#xDD2;&#xDAD;</subfield>
  </datafield>
  <datafield tag="246" ind1=" " ind2=" ">
    <subfield code="a">Prisidu wena tharamata balagathuwana sitha</subfield>
  </datafield>
  <datafield tag="260" ind1=" " ind2=" ">
    <subfield code="b">&#xD9C;&#xDDC;&#xDA9;&#xD9C;&#xDDA;</subfield>
    <subfield code="a">&#xD9A;&#xDDC;&#xDC5;&#xDB9;</subfield>
    <subfield code="c">2018</subfield>
  </datafield>
  <datafield tag="300" ind1=" " ind2=" ">
    <subfield code="b">&#xDB4;&#xDD2;.160, &#xDC3;&#xDD9;.&#xDB8;&#xDD3;.21</subfield>
  </datafield>
  <datafield tag="942" ind1=" " ind2=" ">
    <subfield code="c">BK</subfield>
  </datafield>
  <datafield tag="952" ind1=" " ind2=" ">
    <subfield code="0">0</subfield>
    <subfield code="1">0</subfield>
    <subfield code="4">0</subfield>
    <subfield code="7">0</subfield>
    <subfield code="8">MONO</subfield>
    <subfield code="a">MAIN</subfield>
    <subfield code="b">MAIN</subfield>
    <subfield code="d">2022-03-24</subfield>
    <subfield code="o">129 &#xDB1;&#xDB1;&#xDCA;&#xDAF;</subfield>
    <subfield code="p">168732</subfield>
    <subfield code="r">2023-06-01</subfield>
    <subfield code="w">2023-06-01</subfield>
    <subfield code="y">BK</subfield>
  </datafield>
  <datafield tag="999" ind1=" " ind2=" ">
    <subfield code="c">6704</subfield>
    <subfield code="d">6704</subfield>
  </datafield>
  <controlfield tag="003">LK-CoDNM</controlfield>
  <datafield tag="040" ind1=" " ind2=" ">
    <subfield code="a">LK-CoDNM</subfield>
    <subfield code="d">LK-CoDNM</subfield>
    <subfield code="e">LK-CoDNM</subfield>
  </datafield>
</record>
